La cebada /

Guardado en:
Autor Principal: Molina Cano, José Luis
Formato: Libro
Publicado: Madrid : Mundi-prensa, 1989
Materias:
Etiquetas: Agregar Etiqueta
Sin Etiquetas, Sea el primero en etiquetar este registro!
LEADER 00969nam a22002055a 4500
001 CEM.cems017718
005 20110927125837.0
008 130507s1989##################000#0#####d
003 CEMS
020 |a 8471142635 
082 0 4 |a 633.16 
100 1 |a Molina Cano, José Luis 
245 1 0 |a La cebada /  |c José Luis Molina Cano 
260 |a Madrid :  |b Mundi-prensa,  |c 1989 
300 |a 252 p. 
505 0 |a Taxonomía -- Citología -- Origen filognético -- Morfologiía y desarrollo de la planta -- Taxonomía varietal -- Genética y mejora -- La producción de semillas y sus fundamentos biológicos -- Fisiología de la producción de grano -- Agronomía -- Patología -- Fabricación de malta y cerveza -- Calidad cervecera de la cebada -- La cebada como materia prima para piensos -- La producción de cebada en el mundo 
653 |a Cebada 
653 |a Cebada-producción 
653 |a Cerveza-fabricación 
859 |a CEMS  |b BIB. CEMS - Agricultura  |h 633.16  |i M733  |p A1465.11  |t Ej.1